| 000 | 01182nam a22003377a 4500 | ||
|---|---|---|---|
| 003 | CHAP | ||
| 005 | 20220329140159.0 | ||
| 008 | 971013s1993 r 00010 d | ||
| 010 | _a48172 | ||
| 011 | _a49144 | ||
| 035 | _a53292 | ||
| 040 | _cCHAP | ||
| 090 | _aTesis | ||
| 100 | 0 | 0 |
_aCosilión Meza, Benjamín. _928448 |
| 245 | _aSelección masal divergente para número de cerdas del cuarto segmento abdominal de una población de (Drosophila melanogaster) | ||
| 260 |
_aMontecillo, Méx. : _bEl autor, _c1993 |
||
| 300 | _a64 h. | ||
| 502 | _aTesis (M. C. Esp. en Genética) -- Colegio de Postgraduados. Centro de Genética | ||
| 590 |
_aALEPH _b10 _c20130110 _lUCH01 _h1319 |
||
| 590 |
_aBATCH-UPD _b10 _c20130109 _lUCH01 _h2358 |
||
| 590 |
_aBATCH-UPD _b10 _c20130110 _lUCH01 _h2158 |
||
| 590 |
_aBATCH-UPD _b10 _c20130409 _lUCH01 _h1932 |
||
| 590 |
_aBATCH-UPD _b10 _c20130410 _lUCH01 _h1506 |
||
| 590 |
_aBATCH-UPD _b10 _c20130914 _lUCH01 _h1052 |
||
| 590 |
_aCONVERSION _b10 _c20130109 _lUCH01 _h1326 |
||
| 650 | 1 | 4 |
_aDrosophila ampelophila. _934256 |
| 650 | 1 | 4 |
_aSelección masal. _9103779 |
| 901 | _aBK | ||
| 942 | _cTESIS | ||
| 949 |
_bBC _cTES _d-118271 _eTS1 _h28223 _i53292 _si |
||
| 999 |
_c48172 _d48172 |
||